书目信息 |
| 题名: |
螺旋藻生物学及生物技术原理
|
|
| 作者: | 胡鸿钧 编著 | |
| 分册: | ||
| 出版信息: | 北京 科学出版社 2003 |
|
| 页数: | 181页 | |
| 开本: | 24cm | |
| 丛书名: | 生命科学专论 | |
| 单 册: | ||
| 中图分类: | Q949.22 | |
| 科图分类: | ||
| 主题词: | 螺旋藻属--生物学--研究 | |
| 电子资源: | ||
| ISBN: | 7-03-011378-0 | |
| 000 | 00871oam2 2200241 45 | |
| 001 | 002479083 | |
| 005 | 20050401112818.4 | |
| 010 | @a7-03-011378-0@dCNY28.00 | |
| 100 | @a20031020d2003 em y0chiy0110 ea | |
| 101 | 0 | @achi |
| 102 | @aCN@b110000 | |
| 105 | @aaf z 001yy | |
| 200 | 1 | @a螺旋藻生物学及生物技术原理@Aluo xuan zao sheng wu xue ji sheng wu ji shu yuan li@f胡鸿钧编著@FHu Hong Jun Bian Zhu |
| 210 | @a北京@c科学出版社@d2003 | |
| 215 | @a181页@c图,图版@d24cm | |
| 225 | 2 | @a生命科学专论 |
| 330 | @a该书螺旋藻(节旋藻)作为人类食品的发展、科研和产业化概况;生长繁殖、生活史及分类;分布及生态生理学特征;中国螺旋藻(节旋藻)的分布、生态特征及营养成分特点等内容。 | |
| 410 | @12001 @a生命科学专论 | |
| 606 | 0 | @a螺旋藻属@x生物学@x研究 |
| 690 | @aQ949.22@v4 | |
| 701 | 0 | @a胡鸿钧@4编著 |
| 801 | 0 | @aCN@bNLC@c20040115 |
| 905 | @f5@b347436-440@dQ949.22@e98 | |
| 螺旋藻生物学及生物技术原理/胡鸿钧编著.-北京:科学出版社,2003 |
| 181页:图,图版;24cm.-(生命科学专论) |
| ISBN 7-03-011378-0:CNY28.00 |
| 该书螺旋藻(节旋藻)作为人类食品的发展、科研和产业化概况;生长繁殖、生活史及分类;分布及生态生理学特征;中国螺旋藻(节旋藻)的分布、生态特征及营养成分特点等内容。 |
| ● |
| 相关链接 |
|
|
|
|
正题名:螺旋藻生物学及生物技术原理
索取号:Q949.22/98
 
预约/预借
| 序号 | 登录号 | 条形码 | 馆藏地/架位号 | 状态 | 备注 |
| 1 | 0347436 | 203474365 | 第二样本阅览室/ [索取号:Q949.22/98] | 在馆 | |
| 2 | 0347437 | 203474374 | 第三借阅区/ [索取号:Q949.22/98] | 在馆 | |
| 3 | 0347438 | 203474383 | 第三借阅区/ [索取号:Q949.22/98] | 在馆 | |
| 4 | 0347439 | 203474392 | 第三借阅区/ [索取号:Q949.22/98] | 在馆 | |
| 5 | 0347440 | 203474409 | 第三借阅区/ [索取号:Q949.22/98] | 在馆 | |
| 6 | 0353128 | 3531280 | 第三借阅区/ [索取号:Q949.22/98] | 在馆 | |
| 7 | 0353129 | 3531299 | 第三借阅区/ [索取号:Q949.22/98] | 在馆 | |
| 8 | 0353130 | 3531306 | 第三借阅区/ [索取号:Q949.22/98] | 在馆 | |
| 9 | 0353131 | 3531315 | 第三借阅区/ [索取号:Q949.22/98] | 在馆 |